Rebooting India: (Record no. 102197)

MARC details
000 -LEADER
fixed length control field 01059nam a22002657a 4500
005 - DATE AND TIME OF LATEST TRANSACTION
control field 20170731104115.0
010 ## - LCCN (DPL NO)
LC control number 1617EN ENG-117123
020 ## - INTERNATIONAL STANDARD BOOK NUMBER
International Standard Book Number 9780670087891
Terms of availability 799.00
020 ## - INTERNATIONAL STANDARD BOOK NUMBER
International Standard Book Number 9780143427636
Terms of availability 399.00 (AV)
035 ## - SYSTEM CONTROL NUMBER
System control number B-649491-496
035 ## - SYSTEM CONTROL NUMBER
System control number EN-100655
035 ## - SYSTEM CONTROL NUMBER
System control number B-667284
037 ## - SOURCE OF ACQUISITION
Stock number DPL
Source of stock number/acquisition AAKAR
082 ## - DEWEY DECIMAL CLASSIFICATION NUMBER
Classification number 303.483
100 ## - MAIN ENTRY--PERSONAL NAME
Personal name Nilekani, Nandan
245 ## - TITLE STATEMENT
Title Rebooting India:
Statement of responsibility, etc by Nandan Nilekani [and] Viral Shah
Remainder of title realizing a billion aspirations /
260 ## - PUBLICATION, DISTRIBUTION, ETC. (IMPRINT)
Place of publication, distribution, etc Gurgaon
Name of publisher, distributor, etc Penguin Books
Date of publication, distribution, etc 2015
270 ## - ADDRESS
Address 7th floor, infinity Toer C, DLF Cyber City
City Gurgaon (Haryana)
Postal code 122002
300 ## - PHYSICAL DESCRIPTION
Extent xxviii,337p.:
Dimensions 24cm(HB)
Other physical details ill.(col.)
500 ## - GENERAL NOTE
General note includs index
700 ## - ADDED ENTRY--PERSONAL NAME
Personal name Shah, Viral
942 ## - ADDED ENTRY ELEMENTS (KOHA)
Source of classification or shelving scheme Dewey Decimal Classification
Item type English Books
Classification part 303.483
Call number suffix VIR
Holdings
Withdrawn status Lost status Not for loan Collection code Home library Current library Date acquired Source of acquisition Cost, normal purchase price Full call number Barcode Copy number Cost, replacement price Koha item type
      Non-fiction Ashok Vihar Ashok Vihar 31/07/2017 9780143427636 399.00 303.483 VIR B-667284 1 399.00 English Books
    Not For Loan Non-fiction D.B.Act.Division Bawana 20/01/2017 DBAD/PUB 799.00 303.483 NIL EN-100655 1 799.00 English Books
      Non-fiction Central Library Central Library 06/03/2017 BPPD/EN/2016-17/285/24.11.2016/I-2590/8.12.2016/2.1.2017 799.00 303.483 VIR B-649491 1 799.00 English Books
      Non-fiction Janak Puri Janak Puri 06/03/2017 BPPD/EN/2016-17/285/24.11.2016/I-2590/8.12.2016/2.1.2017 799.00 303.483 VIR B-649494 1 799.00 English Books
      Non-fiction New Police Line New Police Line 06/03/2017 BPPD/EN/2016-17/285/24.11.2016/I-2590/8.12.2016/2.1.2017 799.00 303.483 VIR B-649492 1 799.00 English Books
      Non-fiction Patel Nagar Patel Nagar 06/03/2017 BPPD/EN/2016-17/285/24.11.2016/I-2590/8.12.2016/2.1.2017 799.00 303.483 VIR B-649493 1 799.00 English Books
      Non-fiction Sarojini Nagar Sarojini Nagar 06/03/2017 BPPD/EN/2016-17/285/24.11.2016/I-2590/8.12.2016/2.1.2017 799.00 303.483 VIR B-649495 1 799.00 English Books
      Non-fiction Shahdara Branch Shahdara Branch 06/03/2017 BPPD/EN/2016-17/285/24.11.2016/I-2590/8.12.2016/2.1.2017 799.00 303.483 VIR B-649496 1 799.00 English Books

© Delhi Public Library
Hit Counter
free hit counter